Ψυχοκοινωνιολογικοί παράγοντες που επηρεάζουν τις στάσεις σεξουαλικής συμπεριφοράς του ατόμου : διπλωματική εργασία [μεταπτυχιακή εργασία]
Αποθηκεύτηκε σε:
| Κύριος συγγραφέας: | |
|---|---|
| Άλλοι συγγραφείς: | |
| Μορφή: | Thesis Βιβλίο |
| Γλώσσα: | Greek |
| Δημοσίευση: |
2006
|
| Θέματα: | |
| Ετικέτες: |
Προσθήκη ετικέτας
Δεν υπάρχουν, Καταχωρήστε ετικέτα πρώτοι!
|
MARC
| LEADER | 00000cam a2200000 i 4500 | ||
|---|---|---|---|
| 001 | 1/31835 | ||
| 008 | 060703s2006 gre d | ||
| 035 | |l 10084515 | ||
| 040 | |a GR-MY-UA |b gre |e aacr | ||
| 041 | 0 | |a gre | |
| 082 | 0 | |a 155.3 |2 (22) | |
| 100 | 1 | |a Μοσχοβάκου, Ναυσικά. | |
| 245 | 1 | 0 | |a Ψυχοκοινωνιολογικοί παράγοντες που επηρεάζουν τις στάσεις σεξουαλικής συμπεριφοράς του ατόμου : |b διπλωματική εργασία [μεταπτυχιακή εργασία] / |c Μοσχοβάκου Ναυσικά ; επιβλέπων: Τσαούσης Ιωάννης |
| 260 | |c 2006 | ||
| 300 | |a 92 σ.; |b πίν., διαγρ.; |c 30 εκ. | ||
| 502 | # | # | |a Διατριβή (μεταπτυχιακή) – Πανεπιστήμιο Αιγαίου, Ρόδος, 2006. |
| 504 | |a Βιβλιογραφία: σ. 78-91 | ||
| 650 | 0 | 0 | |a Sex |x Social aspects. |
| 650 | 0 | 0 | |a Dissertations, Academic |z Greece. |
| 650 | 0 | 0 | |a Sex (Psychology) |
| 700 | 1 | |a Τσαούσης, Ιωάννης. |4 ths | |
| 852 | |a INST |b RHODES |c DIATR |e 20060703 |h 155.3 ΜΟΣ |p 005400024695 |q 005400024695 |t MTXE |y 23 | ||
| 852 | |a INST |b RHODES |c DIATR |e 20060703 |h 155.3 ΜΟΣ |p 005400037162 |q 005400037162 |t MTXE |y 23 | ||
| 901 | |a BIBL4-2006-2 | ||
| 909 | |a Ρ |b 126628 | ||
| 909 | |a Ρ |b 126629 | ||
| 924 | |a ΜΟΣΧΟΒΑΚΟΥ |b ΝΑΥΣΙΚΑ |y ΡΟΔΟΣ |z 2006-06 | ||
| 970 | |a ΣΙΔΕΡΗ |b ΝΕΚΤΑΡΙΑ |z 2006/06/30 | ||